Normal view
MARC view
- TUVE, G. L,DOMHOLDH, L. C
Entry Personal Name
001 - CONTROL NUMBER
- control field: 78501
003 - CONTROL NUMBER IDENTIFIER
- control field: NUST
005 - DATE AND TIME OF LATEST TRANSACTION
- control field: 20210628210211.0
008 - FIXED-LENGTH DATA ELEMENTS
- fixed length control field: 210628|| aca||aabn | a|a d
040 ## - CATALOGING SOURCE
- Original cataloging agency: NUST
- Transcribing agency: NUST
100 ## - HEADING--PERSONAL NAME
- Personal name: TUVE, G. L,DOMHOLDH, L. C
670 ## - SOURCE DATA FOUND
- Source citation: Work cat.: (NUST): TUVE, G. L,DOMHOLDH, L. C, ENGINEERING EXPERIMENTATION, 1966
